ბათუმის შოთა რუსთაველის სახელმწიფო უნივერსიტეტის ბიბლიოთეკა

ჩანაწერი Personal Name

ჩანაწერთა რაოდენობა, რომელიც გამოყენებულია: 24

001 - CONTROL NUMBER

  • control field: 5299

003 - CONTROL NUMBER IDENTIFIER

  • control field: GE_BSU

005 - DATE AND TIME OF LATEST TRANSACTION

  • control field: 20191112104659.0

008 - FIXED-LENGTH DATA ELEMENTS

  • fixed length control field: 191112|| aca||aabn | a|a d

040 ## - CATALOGING SOURCE

  • Original cataloging agency: GE_BSU
  • Transcribing agency: GE_BSU

100 ## - HEADING--PERSONAL NAME

  • Personal name: მახათაძე, ია
  • Relator term: ყდის დიზაინერი

670 ## - SOURCE DATA FOUND

  • Source citation: Work cat.: (GE_BSU): პანფილოვი, ოლეგ. 5296, რუსულ-ქართული საინფორმაციო ომი : 2008 წელი /